000 00710nam a2200253Ia 4500
003 OSt
005 20220918221451.0
006 a|||||r|||| 00| 0
007 ta
008 220917b |||||||| |||| 00| 0 eng d
024 _a176,605
037 _cTextual
040 _aARTS
_cARTS
_beng
041 _2eng
_aeng
082 _aQ42:1, N9
100 _aKinnard Jacob N.
_9140511
245 0 _aImaging wisdom
_b seeing and knowing in the art of Indian Buddhism
260 _aSurrey
_bCurzon Press
_c1999
300 _a210p.
_ccm.
490 _aCurzon critical studies in buddhism
650 _aRELIGION
942 _hQ42:1, N9
_cTEXL
_2CC
999 _c272617
_d272617